[Event "ch-Paris"]
[Site "Paris FRA"]
[Date "2000.07.16"]
[Round "2"]
[White "Rojas Guerra,J"]
[Black "Philippe,C"]
[Result "0-1"]
[WhiteElo "2167"]
[BlackElo "2306"]

1.e4 d6 2.d4 Nf6 3.Nc3 Nbd7 4.f4 e5 5.Nf3 exd4 6.Nxd4 Nc5 7.Bd3 g6 8.O-O Bg7
9.Kh1 O-O 10.f5 c6 11.Bg5 h6 12.Bh4 g5 13.Bf2 Re8 14.Re1 Qc7 15.Nf3 Bd7 16.Bg1 b6
17.b4 Nxd3 18.Qxd3 Rad8 19.Rad1 Bc8 20.Qc4 Rd7 21.Rd2 Rde7 22.Rde2 a6 23.Nd4 c5
24.bxc5 bxc5 25.Nf3 Bb7 26.h3 Qc6 27.Nd5 Nxd5 28.exd5 Qd7 29.g4 Bxd5 30.Qd3 Rxe2
31.Rxe2 Rxe2 32.Qxe2 Qb5 33.Qd1 Qc4 34.Bh2 Qd4 35.Qe2 Be5 36.Bxe5 Qxe5 37.Qd1 Qe4
38.Kg2 Kf8 39.Kf2 Qxf3+ 40.Qxf3 Bxf3 41.Kxf3 d5  0-1

[Event "ch-Paris"]
[Site "Paris FRA"]
[Date "2000.07.17"]
[Round "3"]
[White "Large,L"]
[Black "Shirazi,K"]
[Result "0-1"]
[WhiteElo "2225"]
[BlackElo "2414"]

1.e4 d6 2.d4 Nf6 3.Nc3 Nbd7 4.Nf3 e5 5.dxe5 dxe5 6.Bc4 Bb4 7.O-O Bxc3 8.bxc3 O-O
9.Ba3 c5 10.Re1 Qc7 11.Qd2 Nb6 12.Bf1 Be6 13.Qg5 Nfd7 14.Qh5 f6 15.Nh4 Nc4
16.Bxc4 Bxc4 17.Re3 Rf7 18.Rg3 Nf8 19.Nf5 Rd7 20.Ne3 Bf7 21.Qf3 Ng6 22.Nd5 Qc6
23.c4 Rad8 24.h4 Qd6 25.Bc1 Bxd5 26.cxd5 Nxh4 27.Qh5 Ng6 28.Rb1 Qa6 29.Rbb3 Qc4
30.Qf5 Qxc2 31.Rbc3 Qb1 32.Qe6+ Rf7 33.Rxc5 Nf8 34.Qf5 b6 35.Rc8 Rxc8 36.Qxc8 Qxe4
37.d6 Qd5 38.Ba3 f5 39.Rc3 Rf6 40.Rc1 f4  0-1

[Event "ch-Paris"]
[Site "Paris FRA"]
[Date "2000.07.17"]
[Round "3"]
[White "Glek,I"]
[Black "Mensch,E"]
[Result "1/2-1/2"]
[WhiteElo "2553"]
[BlackElo "2302"]

1.e4 d6 2.d4 Nf6 3.Nc3 Nbd7 4.Nf3 e5 5.Bc4 Be7 6.O-O O-O 7.Re1 c6 8.a4 b6
9.Ba2 Qc7 10.Be3 a6 11.Nh4 exd4 12.Bxd4 Ne5 13.Nf5 Bxf5 14.exf5 Rfe8 15.Bxe5 dxe5
16.Ne4 Red8 17.Qf3 Nxe4 18.Rxe4 Rd4 19.Rxd4 exd4 20.Re1 Bf6 21.Bc4 h6 22.g3 b5
23.axb5 axb5 24.Bd3 Rb8 25.Qe4 Qd7 26.b4 Qd6 27.Ra1 Qxb4 28.Qxc6 Qc3 29.Qa6 b4
30.Ra4 b3 31.cxb3 Qxb3 32.Ra3 Qb7 33.Qxb7 Rxb7 34.Ra8+ Kh7 35.Rf8 Rc7 36.Kf1 Rc3
37.Ke2 Rc7 38.h4 h5 39.Kd2 g6 40.fxg6+ Kg7 41.Rxf7+ Rxf7 42.gxf7 Kxf7 43.Be2 Kg6
44.Kd3 Bd8 45.Bd1 Ba5 46.Ba4 Kf7 47.Bb5 Kf8 48.Ke2 Kf7 49.Bd3 Bb4 50.Kf1 Ba5
51.Kg2 Bb4 52.Be2 Kg6 53.Bb5 Kf7 54.Kh3 Ba5 55.f3 Bd8 56.Bd3 Kg7 57.f4 Bc7
58.Kg2 Ba5 59.Kf2 Bb4 60.Bb5 Kf7 61.Ke2 Ba5 62.Bd3 Bb4 63.Bh7 Kg7 64.Be4 Kf7
65.Kf2 Ba5 66.Ke2 Bb4 67.Kf3 Bd2 68.Bd3 Kf6 69.Bb5 Kf7 70.f5 Be1 71.Kf4 Bd2+
72.Ke5 Be1 73.Bc4+ Kf8 74.Kf4 Kg7 75.Kg5 Bxg3 76.f6+ Kf8 77.Kxh5 d3 78.Kg5 d2
79.Bb3 Be5 80.h5 Bxf6+ 81.Kxf6 d1=Q 82.Bxd1 Kg8 83.Kg6 Kh8 84.h6 Kg8 85.Bb3+ Kh8
86.h7  1/2-1/2

[Event "Open"]
[Site "Dieren NED"]
[Date "2000.07.19"]
[Round "2"]
[White "Mokry,K"]
[Black "Verwoert,J"]
[Result "1-0"]
[WhiteElo "2476"]
[BlackElo "2106"]

1.e4 d6 2.d4 Nf6 3.Nc3 Nbd7 4.Nf3 e5 5.Bc4 Be7 6.O-O c6 7.a4 h6 8.Qe2 Qc7
9.Ba2 Nf8 10.dxe5 dxe5 11.Nh4 Bg4 12.f3 Bc5+ 13.Kh1 Be6 14.Nf5 g6 15.Ng7+ Ke7
16.Nxe6 Nxe6 17.f4 Bd6 18.f5 Nd4 19.Qc4 Raf8 20.Ne2 Nxe2 21.Qxe2 g5 22.Bd2 Kd8
23.a5 Kc8 24.b4 Qe7 25.Rab1 Rd8 26.b5 c5 27.Qc4 Rd7 28.Be3 Rhd8 29.Rfd1 b6
30.Rd3 Bb8 31.Rbd1 Rd6 32.a6 R6d7 33.g3 Nh5 34.Qxf7 Qxf7 35.Bxf7 Rxd3 36.Rxd3 Nf6
37.Kg2 Nxe4 38.Rxd8+ Kxd8 39.h4 gxh4 40.gxh4 Nd6 41.Bg6 Nxb5 42.Bxh6 Ke7
43.Bg5+ Kf8 44.h5 e4 45.f6 Nd6 46.h6  1-0

[Event "ch-Paris"]
[Site "Paris FRA"]
[Date "2000.07.21"]
[Round "7"]
[White "Large,L"]
[Black "Chalmeton,G"]
[Result "1-0"]
[WhiteElo "2225"]
[BlackElo "2123"]

1.e4 d6 2.d4 Nf6 3.Nc3 c6 4.Nf3 Bg4 5.h3 Bh5 6.Qe2 e6 7.g4 Bg6 8.Bg5 Be7
9.Bxf6 Bxf6 10.h4 h5 11.g5 Be7 12.d5 e5 13.dxc6 bxc6 14.O-O-O Qa5 15.Nd2 Nd7
16.Nc4 Qc7 17.Qd2 O-O 18.Nxd6 Nc5 19.Nf5 Nxe4 20.Nxe4 Bxf5 21.Bd3 Bg6 22.Qc3 Rab8
23.Ng3 Rfd8 24.Bxg6 fxg6 25.Ne4 Rd4 26.Rxd4 exd4 27.Qxd4 Rb4 28.c4 Qf4+ 29.Kb1 Qb8
30.Rd1 Kh7 31.b3 a5 32.Qd7 Rb7 33.Qe6 Rxb3+ 34.axb3 Qxb3+ 35.Kc1 Ba3+ 36.Kd2 Bb4+
37.Ke2 Qc2+ 38.Nd2  1-0

[Event "ch-Paris"]
[Site "Paris FRA"]
[Date "2000.07.21"]
[Round "7"]
[White "Pailhe,L"]
[Black "Dussol,P"]
[Result "1-0"]
[WhiteElo "2130"]
[BlackElo "2251"]

1.e4 d6 2.d4 Nf6 3.Nc3 Nbd7 4.Nf3 e5 5.Bc4 Be7 6.O-O O-O 7.Qe2 c6 8.a4 b6
9.h3 a6 10.Be3 Bb7 11.Rfd1 Qc7 12.Bb3 b5 13.axb5 axb5 14.Rxa8 Bxa8 15.Ra1 b4
16.Bxf7+ Kh8 17.Nd1 Nxe4 18.Be6 exd4 19.Bxd4 Ndc5 20.Bc4 d5 21.Bd3 Bd6 22.Ne3 Bb7
23.Ng4 Nd7 24.Bxe4 dxe4 25.Ng5 Nc5 26.Nh6 Qe7 27.Qc4  1-0

[Event "Open"]
[Site "Dieren NED"]
[Date "2000.07.22"]
[Round "5"]
[White "Remmel,T"]
[Black "Mokry,K"]
[Result "1-0"]
[WhiteElo "2225"]
[BlackElo "2476"]

1.e4 d6 2.d4 Nf6 3.Nc3 c6 4.f4 Qa5 5.Bd3 e5 6.Nf3 Bg4 7.dxe5 dxe5 8.O-O Nbd7
9.h3 Bxf3 10.Qxf3 exf4 11.Qxf4 Qe5 12.Qf5 Bd6 13.Bf4 Qd4+ 14.Kh1 Bxf4 15.Qxf4 O-O-O
16.a4 Rhe8 17.a5 Qe5 18.Qf2 Kb8 19.Be2 Nc5 20.Bf3 Rd4 21.Ne2 Rd2 22.a6 b6
23.b4 Ncxe4 24.Bxe4 Qxe4 25.Qg3+ Kc8 26.Nc3 Qg6 27.Qf3 Ne4 28.Nxe4 Rxe4 29.Rae1 Rdd4
30.c3 Rc4 31.Rd1 Qe6 32.Qxf7 Qxf7 33.Rxf7 Rxc3 34.Rdd7 Rxb4 35.Rxa7 Rg3 36.Ra8+  1-0

[Event "ch-Paris"]
[Site "Paris FRA"]
[Date "2000.07.22"]
[Round "8"]
[White "Bouchet,N"]
[Black "Martine,JC"]
[Result "1/2-1/2"]
[WhiteElo "2210"]
[BlackElo "2096"]

1.e4 d6 2.d4 Nf6 3.Nc3 c6 4.Nf3 Bg4 5.Be2 e6 6.h3 Bh5 7.d5 exd5 8.exd5 Be7
9.O-O c5 10.a4 O-O 11.a5 Na6 12.g4 Bg6 13.Nh4 Nb4 14.Nxg6 hxg6 15.Bc4 Nd7
16.Nb1 Re8 17.c3 Na6 18.Bf4 Nc7 19.Qd3 Bf8 20.Nd2 Qf6 21.Qg3 g5 22.Be3 Qe7
23.Nf3 f6 24.h4 Ne5 25.Ba2 Nxf3+ 26.Qxf3 Qe4 27.Qh3 Qh7 28.Kg2 Qe4+ 29.Kh2 gxh4
30.Qxh4 Qh7 31.Qxh7+ Kxh7 32.Kg3 g5 33.Rh1+ Bh6 34.Rh2 Kg7 35.Rah1 Rh8 36.c4 b6
37.axb6 axb6 38.Bb3 b5 39.cxb5 Nxb5 40.Bc4 Nc7 41.Bd2 Rab8 42.Bc3 Rbf8 43.Kf3 Na8
44.Ke4 Kg6 45.b3 Nb6 46.Bb5 Bg7 47.Rxh8 Bxh8 48.Ba5 Na8 49.Bc6 Bg7 50.Ra1 Rb8
51.Ra3 Bf8 52.Ra4 Nb6 53.Ra3 Na8 54.b4 cxb4 55.Rb3 Be7 56.Rxb4 Rxb4+ 57.Bxb4 Nc7
58.Ba5 Na6 59.Be8+ Kg7 60.Kf5 Nc5 61.Bb5 Kf7 62.Bc3 Bd8 63.Bd4 Be7 64.Bc4 Nd7
65.Ke4 Ne5 66.Be2 Nd7 67.Ke3 Ne5 68.Bc3 Bd8 69.Bb4 Be7 70.Ba3 Kg6 71.Ke4 Kf7
72.Kd4 Ng6 73.Bd3 Ne5 74.Bf5 Nf3+ 75.Kc4 Ne5+ 76.Kb5 Ke8 77.Bb4 Kd8 78.Kb6 Nd7+
79.Bxd7 Kxd7 80.Kb7 Bd8 81.Bc3 Be7 82.Ba5 Bf8 83.f3 Be7 84.Ka6 Kc8 85.Bb6 Bf8  1/2-1/2

[Event "KB Czech Open"]
[Site "Pardubice CZE"]
[Date "2000.07.23"]
[Round "3"]
[White "Sawadkuhi,M"]
[Black "Pribyl,J"]
[Result "1/2-1/2"]
[WhiteElo "2208"]
[BlackElo "2376"]

1.d4 Nf6 2.Nc3 d6 3.e4 e5 4.Nf3 Nbd7 5.Bc4 Be7 6.O-O O-O 7.Re1 c6 8.a4 b6
9.b3 Bb7 10.Bb2 a6 11.Bf1 Re8 12.g3 Bf8 13.Bg2 Qc7 14.Qd3 b5 15.Rad1 Rad8
16.h3 b4 17.Nb1 exd4 18.Nxd4 Nc5 19.Qd2 Ncxe4 20.Qf4 Nd5 21.Qh4 Nec3 22.Bxc3 bxc3
23.Ne2 Qa5 24.Bxd5 cxd5 25.Nbxc3 Be7 26.Qd4 Bf6 27.Qd2 Rc8 28.Ne4 Qd8 29.Nxf6+ Qxf6
30.Nd4  1/2-1/2

[Event "Open"]
[Site "Dieren NED"]
[Date "2000.07.24"]
[Round "6"]
[White "Garner,D"]
[Black "Verwoert,J"]
[Result "1-0"]
[WhiteElo "2159"]
[BlackElo "2106"]

1.e4 d6 2.d4 Nf6 3.Nc3 Nbd7 4.Nf3 e5 5.Bc4 Be7 6.O-O c6 7.a4 h6 8.Qe2 Qc7
9.Ba2 O-O 10.h3 Nh7 11.Rd1 Ng5 12.dxe5 Nxe5 13.Nd4 Nh7 14.Be3 Kh8 15.Re1 Bd7
16.Rad1 Rae8 17.f4 Ng6 18.Qd3 Qc8 19.Rd2 Qb8 20.Nf3 Nh4 21.Nxh4 Bxh4 22.Bf2 Bxf2+
23.Rxf2 Be6 24.Bxe6 Rxe6 25.Ne2 d5 26.e5 Ree8 27.Nd4 Nf6 28.Rfe2 Nd7 29.Nf5 Nc5
30.Qg3 Ne6 31.Re3 f6 32.exf6 Rxf6 33.Rxe6  1-0

[Event "15th Open"]
[Site "Avoine FRA"]
[Date "2000.07.27"]
[Round "6"]
[White "Froeyman,H"]
[Black "Wuts,F"]
[Result "0-1"]
[WhiteElo "2247"]
[BlackElo "2338"]

1.e4 d6 2.d4 Nf6 3.Nc3 Nbd7 4.Nf3 e5 5.Bc4 Be7 6.Ng5 O-O 7.Bxf7+ Rxf7 8.Ne6 Qe8
9.Nxc7 Qd8 10.Nxa8 b6 11.Be3 Ba6 12.f3 Qxa8 13.Qd2 d5 14.dxe5 Nxe5 15.Nxd5 Nxd5
16.Qxd5 Bh4+ 17.Bf2 Nxf3+ 18.gxf3 Qxd5 19.exd5 Re7+ 20.Kd2 Bxf2 21.Kc3 Re3+
22.Kb4 Rxf3  0-1

[Event "ch-HUN Women"]
[Site "Budapest HUN"]
[Date "2000.07.27"]
[Round "7"]
[White "Gara,T"]
[Black "Horvath,Ju"]
[Result "1/2-1/2"]
[WhiteElo "2296"]
[BlackElo "2308"]

1.e4 d6 2.d4 Nf6 3.Nc3 e5 4.Nf3 Nbd7 5.Bc4 Be7 6.O-O O-O 7.Re1 c6 8.a4 a5
9.Ba2 Qc7 10.dxe5 dxe5 11.Nh4 Nc5 12.Nf5 Bxf5 13.exf5 h6 14.Be3 Rad8 15.Qf3 e4
16.Qg3 Bd6 17.Qh4 Qe7 18.Bxc5 Bxc5 19.Nxe4 Nxe4 20.Qxe7 Bxe7 21.Rxe4 Bf6
22.Kf1 Rd2 23.Re2 Rfd8 24.c3 b5 25.axb5 cxb5 26.Rae1 Kf8 27.Rxd2 Rxd2 28.Re2 Rd1+
29.Re1 Rd2 30.Re2 Rd1+ 31.Re1 Rd2  1/2-1/2

[Event "Open"]
[Site "Kavala GRE"]
[Date "2000.07.28"]
[Round "5"]
[White "Markidis,K"]
[Black "Karapanos,N"]
[Result "0-1"]
[WhiteElo "2337"]
[BlackElo "2305"]

1.e4 d6 2.d4 Nf6 3.Nc3 c6 4.f4 Qa5 5.e5 Ne4 6.Bd2 Nxd2 7.Qxd2 Bf5 8.O-O-O e6
9.Bd3 Bxd3 10.Qxd3 Nd7 11.Nf3 Be7 12.Kb1 d5 13.f5 O-O-O 14.Ne2 c5 15.fxe6 fxe6
16.c4 Nb6 17.cxd5 c4 18.Rc1 Kb8 19.Qc2 Rxd5 20.Nc3 Rd7 21.Rhd1 g5 22.h3 Rc8
23.Qe4 Bb4 24.Nxg5 Bxc3 25.Rxc3 Nd5 26.Rcc1 c3 27.Qe2 Rdc7 28.Ne4 c2+  0-1

[Event "KB Czech Open"]
[Site "Pardubice CZE"]
[Date "2000.07.28"]
[Round "8"]
[White "Vavra,P1"]
[Black "Stocek,J"]
[Result "0-1"]
[WhiteElo "2393"]
[BlackElo "2514"]

1.e4 d6 2.d4 Nf6 3.Nc3 e5 4.f3 exd4 5.Qxd4 Nc6 6.Bb5 Be7 7.Bg5 O-O 8.Qd2 a6
9.Bxc6 bxc6 10.O-O-O Rb8 11.Nge2 Re8 12.Nd4 Bd7 13.g4 h6 14.Be3 d5 15.e5 Nh7
16.Nb3 Bf8 17.Bd4 Ng5 18.Qf2 Ne6 19.Be3 f6 20.exf6 Qxf6 21.f4 Bb4 22.Rd3 Bxc3
23.Rxc3 Rb4 24.f5 Ng5 25.Bd4 Ne4 26.Qg1 Qg5+ 27.Re3 Rxd4 28.Nxd4 Nd6 29.Ne6 Bxe6
30.h4 Qf4 31.Kb1 Bd7 32.Ra3 Nc4 33.Rc3 Rb8 34.b3 Nd2+ 35.Kb2 Qe5 36.Ka3 Nc4+  0-1

[Event "ch-HUN Women"]
[Site "Budapest HUN"]
[Date "2000.07.29"]
[Round "9"]
[White "Vajda,S"]
[Black "Horvath,Ju"]
[Result "1-0"]
[WhiteElo "2282"]
[BlackElo "2308"]

1.e4 d6 2.d4 Nf6 3.Nc3 e5 4.Nf3 Nbd7 5.Bc4 Be7 6.O-O O-O 7.h3 c6 8.a4 Qc7
9.Ba2 b6 10.Bg5 exd4 11.Nxd4 Nc5 12.Re1 Be6 13.Bxe6 Nxe6 14.Be3 Nxd4 15.Bxd4 Nd7
16.Qd2 Bf6 17.Rad1 Rad8 18.Bxf6 Nxf6 19.Qf4 Rfe8 20.Re3 h6 21.Red3 Re6 22.f3 Qe7
23.Rd4 Ne8 24.Rc4 Qb7 25.b3 a6 26.Rcd4 b5 27.Kh2 Qb6 28.Kh1 Qc5 29.Qd2 Rc8
30.Ne2 Qg5 31.Qa5 Rg6 32.Rg1 Nc7 33.f4 Qc5 34.Qd2 bxa4 35.Rxa4 Re6 36.Qd3 Qf2
37.Nd4 Ree8 38.Rf1 Qh4 39.Nf5 Qf6 40.Nxd6 Red8 41.e5 Qe6 42.Qg3 Rb8 43.f5 Qd5
44.Rg4  1-0

[Event "KB Czech Open"]
[Site "Pardubice CZE"]
[Date "2000.07.29"]
[Round "9"]
[White "Shinkevich,V"]
[Black "Orsag,Mil"]
[Result "1/2-1/2"]
[WhiteElo "2424"]
[BlackElo "2387"]

1.e4 d6 2.d4 Nf6 3.Nc3 e5 4.Nf3 Nbd7 5.Bc4 Be7 6.O-O O-O 7.Re1 c6 8.a4 b6
9.d5 cxd5 10.Nxd5 Bb7 11.b3 Rc8 12.Nxe7+ Qxe7 13.Bg5 h6 14.Bh4 a5 15.Qd2 Rfd8
16.Rad1 Nf8 17.Qe3 Rc5 18.Nd2  1/2-1/2

[Event "World Open"]
[Site "Philadelphia USA"]
[Date "2000.07.30"]
[Round "3"]
[White "Multhopp,H"]
[Black "Gonzales,Jay"]
[Result "1-0"]
[WhiteElo "2336"]
[BlackElo "2411"]

1.e4 d6 2.d4 Nf6 3.Nc3 c6 4.g3 Nbd7 5.a4 e5 6.Nge2 a5 7.Bg2 Be7 8.O-O O-O
9.h4 Qe8 10.b3 Bd8 11.Ba3 Be7 12.Bb2 Qd8 13.Qd2 Re8 14.Rad1 Bf8 15.f4 exd4
16.Nxd4 Nc5 17.Rfe1 Qb6 18.Kh2 Be6 19.Bf3 Rad8 20.Qg2 Bc8 21.g4 g6 22.Nf5 Be6
23.g5 Nfxe4 24.Nh6+ Bxh6 25.gxh6 f5 26.Bxe4 Nxe4 27.Rxe4 fxe4 28.Nxe4 Qe3
29.Bc1 Bh3 30.Nf6+ Kf7 31.Nxe8 Qxc1 32.Qd2  1-0

[Event "Proclient Cup"]
[Site "Olomouc CZE"]
[Date "2000.08.03"]
[Round "2"]
[White "Talla,V"]
[Black "Kasparov,S"]
[Result "1/2-1/2"]
[WhiteElo "2401"]
[BlackElo "2464"]

1.e4 d6 2.d4 Nf6 3.Nc3 e5 4.dxe5 dxe5 5.Qxd8+ Kxd8 6.Bc4 Be6 7.Bxe6 fxe6
8.f3 Bd6 9.Be3 a6 10.Nh3 Ke7 11.Nf2 Nbd7  1/2-1/2

[Event "TCh-ESP"]
[Site "Barcelona ESP"]
[Date "2000.08.05"]
[Round "1"]
[White "Shirov,A"]
[Black "Hamdouchi,H"]
[Result "1-0"]
[WhiteElo "2746"]
[BlackElo "2541"]

1.e4 d6 2.d4 Nf6 3.Nc3 e5 4.Nf3 Nbd7 5.Bc4 Be7 6.O-O O-O 7.Re1 c6 8.a4 a5
9.b3 exd4 10.Nxd4 Nc5 11.Bb2 Kh8 12.Qd2 Ng4 13.Rad1 Qb6 14.Bf1 Bf6 15.h3 Ne5
16.Qe3 Ng6 17.Nf5 Bxf5 18.exf5 Nh4 19.Nd5 cxd5 20.Bxf6 gxf6 21.Qd4 Nxf5 22.Qxf6+ Ng7
23.Rxd5 Qd8 24.Qh6 f6 25.g4 Qd7 26.Red1 Qe7 27.Rxd6 Rad8 28.R6d5 Rxd5 29.Rxd5 Rd8
30.Rxd8+ Qxd8 31.Bc4 Qd1+ 32.Kg2 Qd4 33.Kg1 Nce6 34.Qe3 Qxe3 35.fxe3 Kg8
36.c3 Kf8 37.b4 b6 38.Kg2 Ke7 39.h4 h6 40.Kf3  1-0

[Event "FSELOA August"]
[Site "Budapest HUN"]
[Date "2000.08.06"]
[Round "2"]
[White "Szabo,K"]
[Black "Szirmai,Ed"]
[Result "1-0"]
[WhiteElo "2015"]
[BlackElo "2120"]

1.e4 d6 2.d4 Nf6 3.Nc3 c6 4.Nf3 Bg4 5.Be3 Nbd7 6.Bd3 e5 7.h3 Bxf3 8.gxf3 b5
9.Qd2 a5 10.a4 b4 11.Ne2 Qc7 12.c3 d5 13.O-O Be7 14.Ng3 g6 15.Bh6 bxc3 16.bxc3 Bd6
17.Kg2 exd4 18.cxd4 Bxg3 19.fxg3 Nh5 20.Qf2 f6 21.exd5 cxd5 22.f4 Kf7 23.f5 g5
24.Qf3 Qxg3+ 25.Qxg3 Nxg3 26.Kxg3 Nb6 27.h4 Rhg8 28.hxg5 fxg5 29.f6 Nd7 30.Bg7 h5
31.Bb5 Nf8 32.Bxf8 Rgxf8 33.Rf5 Kg6 34.Raf1 Rac8 35.Rxd5 h4+ 36.Kg4 Rc3 37.Rxg5+  1-0

[Event "FSELOA August"]
[Site "Budapest HUN"]
[Date "2000.08.08"]
[Round "4"]
[White "Molnar,T"]
[Black "Szirmai,Ed"]
[Result "0-1"]
[WhiteElo "2072"]
[BlackElo "2120"]

1.e4 d6 2.d4 Nf6 3.Nc3 c6 4.f4 Qa5 5.Bd3 e5 6.dxe5 dxe5 7.f5 b5 8.Bd2 b4
9.Nce2 Qb6 10.Ng3 Ba6 11.Qe2 Bxd3 12.Qxd3 Nbd7 13.O-O-O a5 14.Bg5 Be7 15.Bxf6 Nxf6
16.Nf3 Qc5 17.Nd2 O-O 18.Qc4 h5 19.Rhe1 h4 20.Ngf1 Rfe8 21.Qxc5 Bxc5 22.Nf3 Nh5
23.Rd2 Be7 24.Kb1 Bf6 25.g3 hxg3 26.hxg3 Bd8 27.Rh2 Nf6 28.N1d2 Ng4 29.Rh3 Bf6
30.Nh4 Rad8 31.Ndf3 Nf2 32.Rh2 Nxe4 33.g4 Ng5 34.Nxg5 Bxg5 35.Nf3 Bf4 36.Rh3 e4
37.Reh1 Kf8 38.Rh8+ Ke7 39.Rxe8+ Rxe8 40.Nd4 Kd6 41.Rh7 Be5 42.Ne2 Kd5 43.g5 e3
44.Rh4 c5 45.a3 Bd6 46.c4+ bxc3 47.Nxc3+ Kc6 48.Ne2 Be5 49.Re4 f6 50.gxf6 gxf6
51.Rxe3 Rb8 52.b3 c4 53.Kc2 cxb3+ 54.Rxb3 Kd5 55.Re3 Rb2+ 56.Kc1 Ra2 57.Kb1 Ra1+
58.Kc2 Rf1 59.Kb3 Rxf5 60.Ka4 Kc4 61.Rh3 Rf2 62.Nc1 Rh2 63.Rf3 Kd5 64.Kxa5 Ke4
65.Rf1 f5 66.Kb5 Rb2+ 67.Kc6 Bc3 68.a4 Rc2 69.Kb5 Bd2  0-1

[Event "ch-GBR"]
[Site "Millfield ENG"]
[Date "2000.08.09"]
[Round "9"]
[White "Emms,J"]
[Black "Willmoth,R"]
[Result "1/2-1/2"]
[WhiteElo "2527"]
[BlackElo "2211"]

1.e4 d6 2.d4 Nf6 3.Nc3 c6 4.f4 Qa5 5.Bd3 e5 6.Nf3 Bg4 7.Be3 Nbd7 8.O-O Be7
9.Qe1 Nh5 10.Ne2 Qxe1 11.Raxe1 Bxf3 12.Rxf3 Nhf6 13.h3 d5 14.Ng3 dxe4 15.Nxe4 Nxe4
16.Bxe4 Nf6 17.Bf2 Nxe4 18.Rxe4 exf4 19.Rfxf4 f6 20.Rf3 Kf7 21.Rb3 b6 22.g4 Bd6
23.Rc3 Rac8 24.Kg2 h5 25.Bg3 Bxg3 26.Kxg3 hxg4 27.hxg4 Rhd8 28.Rce3 Rc7 29.c3 Rdd7
30.Re8 c5 31.dxc5 Rxc5 32.Kf3 f5 33.Ra8 fxg4+ 34.Kxg4 Ra5 35.a3 Rd2 36.Rc8 Rxb2
37.Rc7+ Kf6 38.Rc6+ Kf7 39.Rc7+ Kg8 40.Ree7 Rg2+ 41.Kf3 Rgg5 42.Rxa7 Rxa7
43.Rxa7 Rc5 44.a4 Rxc3+ 45.Kg2 Rb3 46.a5 Rb5  1/2-1/2

[Event "FSIMB August"]
[Site "Budapest HUN"]
[Date "2000.08.10"]
[Round "6"]
[White "Karacsony,A"]
[Black "Bognar,C"]
[Result "0-1"]
[WhiteElo "2274"]
[BlackElo "2320"]

1.e4 d6 2.d4 Nf6 3.Nc3 Nbd7 4.Be3 c6 5.Be2 e5 6.h3 Be7 7.Qd2 O-O 8.Nf3 b5
9.Bd3 Qc7 10.a3 a6 11.O-O Bb7 12.Rfe1 Rfe8 13.Bg5 Nf8 14.dxe5 dxe5 15.a4 Ne6
16.Be3 Rad8 17.Qe2 Nd4 18.Bxd4 exd4 19.Nb1 Bb4 20.c3 dxc3 21.Nxc3 Nh5 22.Bc2 Nf4
23.Qf1 Ng6 24.Red1 Ne5 25.Nd2 Qe7 26.Kh1 Bxc3 27.bxc3 Qc5 28.Nb1 b4 29.Rxd8 Rxd8
30.f4 Nc4 31.Qg1 Qxg1+ 32.Kxg1 c5 33.cxb4 cxb4 34.a5 Ne3 35.Ba4 Bxe4 36.g3 f5
37.Kf2 Nd1+ 38.Ke1 Ne3 39.Bb3+ Kf8 40.Ke2 Nc2 41.Bxc2 Bxc2 42.Nd2 b3 43.Rc1 Rd5
44.Nc4 Bd3+ 45.Ke3 Bxc4 46.Rxc4 b2 47.Rb4 Rb5  0-1

[Event "Lost Boys Open"]
[Site "Amsterdam NED"]
[Date "2000.08.11"]
[Round "1"]
[White "Milov,V"]
[Black "Lorscheid,G"]
[Result "1-0"]
[WhiteElo "2626"]
[BlackElo "2306"]

1.d4 d6 2.e4 Nf6 3.Nc3 e5 4.dxe5 dxe5 5.Qxd8+ Kxd8 6.Bg5 Be6 7.O-O-O+ Nd7
8.f4 exf4 9.Nf3 h6 10.Bxf4 Bc5 11.h3 Nh5 12.Bh2 Be3+ 13.Kb1 Bf4 14.g4 Bxh2
15.Rxh2 Nf4 16.Nd4 Ng6 17.Nf5 Rg8 18.Nd5 Nge5 19.Rhd2 c6 20.Nd6 Rb8 21.Be2 h5
22.Nf4 hxg4 23.Nxe6+ fxe6 24.Bxg4 Ke7 25.Nc4 Rbd8 26.Nxe5 Nxe5 27.Rxd8 Rxd8
28.Rxd8 Kxd8 29.Bxe6 Ke7 30.Bc8 b6 31.Kc1 Nf7 32.Bg4 Kd6 33.Kd2 Ke5 34.Kd3 Kf4
35.Kd4 Ne5 36.Be2 Nf7 37.h4 Nd6 38.Bd3 Nf7 39.b4 Ne5 40.Be2 Ng6 41.b5 Ne7
42.bxc6 Nxc6+ 43.Kd5 Nb4+ 44.Ke6 Nxc2 45.Kf7 Nd4 46.Bd3 Kg4 47.Kxg7 Kxh4
48.Kf6 Kg4 49.e5 Kf4 50.e6 Nxe6 51.Kxe6 Ke3 52.Bb5 Kd4 53.Kd6 Kc3 54.Kc6 Kb4
55.a4 Ka5 56.Kb7 a6 57.Kc6  1-0

[Event "TCh-ESP"]
[Site "Barcelona ESP"]
[Date "2000.08.11"]
[Round "7"]
[White "Baron Rodriguez,Je"]
[Black "Toledano Llinares,J"]
[Result "1-0"]
[WhiteElo "2384"]
[BlackElo "2343"]

1.e4 d6 2.d4 Nf6 3.Nc3 e5 4.Nf3 Nbd7 5.Bc4 Be7 6.O-O c6 7.a4 O-O 8.Re1 b6
9.d5 Bb7 10.dxc6 Bxc6 11.Bg5 Qc7 12.Ba2 h6 13.Bxf6 Nxf6 14.Qd3 Rfd8 15.Qc4 Bf8
16.Nd5 Qd7 17.Nxf6+ gxf6 18.Nh4 d5 19.Qe2 dxe4 20.Qh5 Bd5 21.Bxd5 Qxd5 22.Re3 Bc5
23.Nf5 Bxe3 24.Ne7+  1-0

[Event "ch-GBR"]
[Site "Millfield ENG"]
[Date "2000.08.11"]
[Round "11"]
[White "Buckley,G"]
[Black "Willmoth,R"]
[Result "1-0"]
[WhiteElo "2351"]
[BlackElo "2211"]

1.d4 d6 2.e4 Nf6 3.Nc3 c6 4.f4 Qa5 5.Bd3 e5 6.Nf3 Bg4 7.Be3 Nbd7 8.O-O Be7
9.Qe1 Qc7 10.Nd2 Bh5 11.Kh1 Ng4 12.Bg1 exf4 13.Rxf4 O-O 14.Qg3 Ngf6 15.e5 dxe5
16.dxe5 Nd5 17.Nxd5 cxd5 18.Re1 Bg6 19.Nf3 Rae8 20.Bxg6 fxg6 21.Nd4 Rxf4
22.Qxf4 Bc5 23.Nb5 Qb6 24.Qd2 Qc6 25.Nc3 Bxg1 26.Kxg1 Qb6+ 27.Kh1 d4 28.Na4 Qb5
29.Qxd4 Rxe5 30.Rd1 Nf6 31.Nc3 Qc5 32.Qxc5 Rxc5 33.Kg1 a6 34.Rd6 Kf7 35.Rb6 Rc7
36.a4 Kf8 37.a5 Ng4 38.Re6 Rc5 39.h3 Ne5 40.Ne4 Rxa5 41.Nd6  1-0

[Event "101st US Open"]
[Site "Saint Paul USA"]
[Date "2000.08.11"]
[Round "7"]
[White "Wilson,B"]
[Black "Kaufman,R"]
[Result "1-0"]
[WhiteElo "2243"]
[BlackElo "2171"]

1.e4 d6 2.d4 Nf6 3.Nc3 e5 4.Nf3 Nbd7 5.Bc4 Be7 6.O-O O-O 7.Re1 c6 8.a4 a5
9.h3 Qc7 10.Be3 h6 11.Qe2 Re8 12.Rad1 Bf8 13.Qd2 exd4 14.Bxd4 Ne5 15.Bf1 Nxf3+
16.gxf3 Nh5 17.f4 d5 18.exd5 Rxe1 19.Rxe1 Qxf4 20.Qxf4 Nxf4 21.Re8 Nxd5 22.Nxd5 cxd5
23.Bc5  1-0

[Event "TCh-ESP"]
[Site "Barcelona ESP"]
[Date "2000.08.12"]
[Round "8"]
[White "Candela Perez,J"]
[Black "Biedma Martin,E"]
[Result "1-0"]
[WhiteElo "2416"]
[BlackElo "2278"]

1.d4 d6 2.e4 Nf6 3.Nc3 c6 4.g3 Nbd7 5.Bg2 e5 6.Nge2 Be7 7.a4 b6 8.O-O O-O
9.h3 Bb7 10.f4 a6 11.Be3 b5 12.Qd3 Qc7 13.g4 b4 14.Nd1 c5 15.d5 exf4 16.Bxf4 Ne8
17.g5 Ne5 18.Qg3 g6 19.Ne3 Bc8 20.h4 Ng7 21.Bxe5 dxe5 22.Nc4 Bd6 23.Bh3 Nh5
24.Qf3 Bxh3 25.Qxh3 Nf4 26.Qh2 Rae8 27.Nxf4 exf4 28.Nxd6 Qxd6 29.Rxf4 Qe5
30.Re1 Qxb2 31.Qf2 Qd4 32.Qxd4 cxd4 33.Rd1 Rc8 34.Rxd4 a5 35.Rf2 Rfd8 36.e5 Rc5
37.Rfd2 Re8 38.Re2 Kf8 39.Kf2 Rc3 40.Rd3 Rxd3 41.cxd3 Rc8 42.Ke3 Rc3 43.Kd4 Ra3
44.Rc2 Rxa4 45.Rc8+ Ke7 46.d6+ Kd7 47.Rc7+ Ke8 48.Kd5 Ra3 49.d4 Rc3 50.Re7+ Kf8
51.Ra7 Ke8 52.Rxa5 b3 53.Ra8+ Kd7 54.Rb8 Rh3 55.Kc4 Rxh4 56.Rxb3 h5 57.Kd5 Rh1
58.Rb7+ Ke8 59.Re7+ Kf8 60.Rc7  1-0

[Event "TCh-ESP"]
[Site "Barcelona ESP"]
[Date "2000.08.13"]
[Round "9"]
[White "Duran,X"]
[Black "Tebar Moreno,J"]
[Result "1-0"]
[WhiteElo "2163"]
[BlackElo "2182"]

1.e4 d6 2.d4 Nf6 3.Nc3 c6 4.g3 Nbd7 5.Bg2 e5 6.Nf3 Be7 7.O-O O-O 8.a4 a5
9.h3 Qc7 10.Be3 Rd8 11.Qe2 b6 12.Rfe1 Ba6 13.Qd1 Rac8 14.Nh4 g6 15.f4 exf4
16.Bxf4 Nh5 17.Nf3 Nf8 18.d5 c5 19.e5 Nd7 20.e6 fxe6 21.Bg5 Nf8 22.dxe6 Re8
23.Nd5 Qd8 24.Nxe7+ Rxe7 25.Ne5 Ng7 26.Nc6 Rxc6 27.Bxc6 Bc4 28.Bd5 Bxd5 29.Qxd5 Qc7
30.Bxe7 Qxe7 31.Rad1 Nf5 32.g4 Nd4 33.c3 Qg5 34.Rxd4  1-0

[Event "Lost Boys Open"]
[Site "Amsterdam NED"]
[Date "2000.08.14"]
[Round "4"]
[White "L'Ami,E"]
[Black "Rebers,E"]
[Result "0-1"]
[WhiteElo "2295"]
[BlackElo "2257"]

1.e4 d6 2.d4 Nf6 3.Nc3 e5 4.dxe5 dxe5 5.Qxd8+ Kxd8 6.Bc4 Be6 7.Bxe6 fxe6
8.Be3 Nc6 9.O-O-O+ Bd6 10.f3 Ke7 11.Nge2 a6 12.Rd2 b5 13.Rhd1 Rhb8 14.Kb1 Nd7
15.Nc1 Nb6 16.Bxb6 Rxb6 17.Nb3 h5 18.Ne2 a5 19.c3 a4 20.Na1 Na5 21.Nc1 Nc4
22.Re2 b4 23.cxb4 Bxb4 24.Rc2 Bc3 25.Nd3 Na3+ 26.Kc1 Nxc2 27.Nxc2 Bd4 28.Rd2 Ra5
29.Nxd4 exd4 30.Rc2 Kd6 31.e5+ Kd7 32.Nc5+ Rxc5 33.Rxc5 Rc6 34.Rxc6 Kxc6
35.Kd2 Kd5 36.f4 Ke4 37.g3 g6 38.Ke2 h4 39.b4 axb3 40.axb3 hxg3 41.hxg3 c5  0-1

[Event "ECh-u20"]
[Site "Aviles ESP"]
[Date "2000.08.16"]
[Round "1"]
[White "Magalhaes,P"]
[Black "Mah,K"]
[Result "0-1"]
[WhiteElo "2131"]
[BlackElo "2411"]

1.e4 d6 2.d4 Nf6 3.Nc3 c6 4.Be3 Nbd7 5.h3 e5 6.Nf3 Be7 7.a4 O-O 8.Be2 Re8
9.O-O Bf8 10.dxe5 dxe5 11.Bc4 h6 12.Qe2 Qc7 13.Rfd1 Nc5 14.Nd2 Ne6 15.Bxe6 Bxe6
16.Qf3 Nd7 17.Qg3 Kh8 18.Nf3 b6 19.Nh4 Nc5 20.Nf5 Nxe4 21.Nxe4 Bxf5 22.Nc3 Bxc2
23.Rd2 Bg6 24.Rad1 Qe7 25.Rd6 Qxd6 26.Rxd6 Bxd6 27.Qh4 e4 28.Bxh6 gxh6 29.Qf6+ Kh7
30.Qxd6 e3 31.fxe3 Rxe3 32.Qxc6 Rd8 33.Nd5 Re6 34.Nf6+ Kg7 35.Qc3 Rxf6 36.g4 Rd3
37.Qe5 Rxh3 38.Kg2 Rf3 39.Kh2 Rf4 40.Kg3 Rxa4 41.Qc3 a5 42.g5 hxg5 43.Kg2 Rg4+
44.Kh3 Rf4 45.Kg2  0-1